Stochastic control in insurance (Record no. 4286)
[ view plain ]
| 000 -LEADER | |
|---|---|
| fixed length control field | 00795 a2200169 4500 |
| 000 - LEADER | |
| fixed length control field | BKB |
| 001 - CONTROL NUMBER | |
| control field | 070914 |
| 005 - DATE AND TIME OF LATEST TRANSACTION | |
| control field | 20200902150910.0 |
| 008 - FIXED-LENGTH DATA ELEMENTS--GENERAL INFORMATION | |
| fixed length control field | |
| 082 ## - DEWEY DECIMAL CLASSIFICATION NUMBER | |
| Classification number | 368.01 |
| Item number | S52S |
| 100 1# - MAIN ENTRY--PERSONAL NAME | |
| Personal name | Schmidli, Hanspeter |
| 245 1# - TITLE STATEMENT | |
| Title | Stochastic control in insurance |
| Statement of responsibility, etc | by Hanspeter Schmidli |
| 260 ## - PUBLICATION, DISTRIBUTION, ETC. (IMPRINT) | |
| Place of publication, distribution, etc | New York |
| Name of publisher, distributor, etc | Springer |
| Date of publication, distribution, etc | 2008 |
| 300 ## - PHYSICAL DESCRIPTION | |
| Extent | 254p. |
| 690 ## - LOCAL SUBJECT ADDED ENTRY--TOPICAL TERM (OCLC, RLIN) | |
| Topical term or geographic name as entry element | Stochastic processes; Insurance--Mathematics; Mathematical optimization; Structural control (Engineering); Banks and banking; Distribution (Probability theory); Heading Usage Count FAST ID Stochastic processes; Insurance--Mathematics; Mathematical optimization; Structural control (Engineering); Banks and banking;Distribution (Probability theory);Mathematics |
| 964 ## - | |
| -- | |
| -- | ENG |
| -- | |
| -- | |
| -- | |
| -- | |
| -- | |
| Withdrawn status | Lost status | Damaged status | Not for loan | Home library | Current library | Date acquired | Cost, normal purchase price | Total Checkouts | Full call number | Barcode | Date last seen | Price effective from | Koha item type |
|---|---|---|---|---|---|---|---|---|---|---|---|---|---|
| Central University Of Rajasthan | Central University Of Rajasthan | 07/03/2012 | 2851.64 | 368.01 S52S | 5201 | 21/11/2024 | 02/09/2020 | Books |
